The Barna report : (Record no. 5936)
[ view plain ]
| 000 -LEADER | |
|---|---|
| fixed length control field | 00798nam a2200265Ja 4500 |
| 001 - CONTROL NUMBER | |
| control field | 23868425 |
| 003 - CONTROL NUMBER IDENTIFIER | |
| control field | OSt |
| 005 - DATE AND TIME OF LATEST TRANSACTION | |
| control field | 20190111105525.0 |
| 008 - FIXED-LENGTH DATA ELEMENTS--GENERAL INFORMATION | |
| fixed length control field | 910515s1991 cau s 000 0 eng |
| 010 ## - LIBRARY OF CONGRESS CONTROL NUMBER | |
| LC control number | 91-19104 |
| 020 ## - INTERNATIONAL STANDARD BOOK NUMBER | |
| International Standard Book Number | 0830715053 |
| 035 ## - SYSTEM CONTROL NUMBER | |
| System control number | 5004088 |
| 040 ## - CATALOGING SOURCE | |
| Original cataloging agency | DLC |
| Transcribing agency | DLC |
| Modifying agency | OSU |
| 043 ## - GEOGRAPHIC AREA CODE | |
| Geographic area code | n-us--- |
| 050 ## - LIBRARY OF CONGRESS CALL NUMBER | |
| Classification number | BR526 |
| Item number | .B3 1991 |
| 050 00 - LIBRARY OF CONGRESS CALL NUMBER | |
| Classification number | BR526 |
| Item number | .B3 1991 |
| 082 ## - DEWEY DECIMAL CLASSIFICATION NUMBER | |
| Classification number | 277.3 |
| Item number | B259W |
| 100 1# - MAIN ENTRY--PERSONAL NAME | |
| Personal name | Barna, George |
| 245 14 - TITLE STATEMENT | |
| Title | The Barna report : |
| Remainder of title | an annual survey of values and religious views in the United States / |
| Statement of responsibility, etc. | George Barna |
| 260 ## - PUBLICATION, DISTRIBUTION, ETC. | |
| Place of publication, distribution, etc. | Ventura, Calif., U.S.A. : |
| Name of publisher, distributor, etc. | Regal Books, |
| Date of publication, distribution, etc. | c1991 |
| 300 ## - PHYSICAL DESCRIPTION | |
| Extent | 309 p. : |
| Other physical details | ill. ; |
| Dimensions | 23 cm |
| 650 #0 - SUBJECT ADDED ENTRY--TOPICAL TERM | |
| Topical term or geographic name entry element | Christianity |
| Geographic subdivision | United States |
| General subdivision | Statistics |
| 651 #0 - SUBJECT ADDED ENTRY--GEOGRAPHIC NAME | |
| Geographic name | United States |
| General subdivision | Religious life and customs |
| -- | Statistics |
| 942 ## - ADDED ENTRY ELEMENTS (KOHA) | |
| Source of classification or shelving scheme | Dewey Decimal Classification |
| Koha item type | Books |
| Withdrawn status | Lost status | Source of classification or shelving scheme | Damaged status | Not for loan | Collection code | Home library | Current library | Shelving location | Date acquired | Cost, normal purchase price | Total Checkouts | Full call number | Barcode | Date last seen | Price effective from | Koha item type |
|---|---|---|---|---|---|---|---|---|---|---|---|---|---|---|---|---|
| Dewey Decimal Classification | Non-fiction | Harvest Mission College | Harvest Mission College | General Stacks | 11.01.2019 | 1350.00 | 277.3 B259W | 006801 | 11.01.2019 | 11.01.2019 | Books |
